[Event "NATO-ch 32nd"]
[Site "Tartu"]
[Date "2022.06.27"]
[Round "1"]
[White "Rizihs, Valerijs"]
[Black "Balmaceda, Enrico"]
[Result "1/2-1/2"]
[WhiteElo "1619"]
[BlackElo "1958"]
[PlyCount "110"]
[EventDate "2022.06.27"]
[EventType "swiss"]
[EventRounds "7"]
[EventCountry "EST"]
[SourceTitle "EXT 2023"]
[Source "ChessBase"]
[SourceDate "2022.10.05"]
[SourceVersion "1"]
[SourceVersionDate "2022.10.05"]
[SourceQuality "1"]

1. d4 Nf6 2. Nc3 d5 3. Bf4 c6 4. e3 Bf5 5. f3 e6 6. g4 Bg6 7. h4 h6 8. Bd3 Bxd3 9. Qxd3 Be7 10. Nge2 Nfd7 11. Bg3 Qa5 12. e4 Na6 13. a3 b5 14. 0-0 Qd8 15. h5 0-0 16. e5 Nc7 17. f4 a6 18. f5 c5 19. Kg2 cxd4 20. Nxd4 Nc5 21. Qf3 Bg5 22. Bf4 Bxf4 23. Qxf4 Qg5 24. Qxg5 hxg5 25. f6 gxf6 26. exf6 Nd7 27. Kg3 Kh7 28. Rf2 Ne8 29. Raf1 Nd6 30. Re2 Kh6 31. Nxe6 fxe6 32. Rxe6 Ne4+ 33. Nxe4 dxe4 34. f7+ Kg7 35. Rg6+ Kh7 36. Rxg5 Ra7 37. h6 Raa8 38. Rd1 Ra7 39. Rg7+ Kh8 40. g5 Ne5 41. Rd5 Re7 42. Rxe5 Rxe5 43. g6 Rg5+ 44. Kf4 Rxg6 45. Rxg6 Rxf7+ 46. Kxe4 Rc7 47. c3 a5 48. Rb6 Rc5 49. Kd4 Rh5 50. Kd3 Kh7 51. Rc6 Rh2 52. b4 Ra2 53. bxa5 Rxa3 54. a6 b4 55. a7 bxc3 1/2-1/2

[Event "NATO-ch 31st"]
[Site "Blankenberge"]
[Date "2021.10.15"]
[Round "7.27"]
[White "Balmaceda, Enrico"]
[Black "Echavarria Hidalgo, Fernando"]
[Result "1-0"]
[WhiteElo "1976"]
[BlackElo "1749"]
[PlyCount "97"]
[EventDate "2021.10.11"]
[EventType "team-swiss"]
[EventRounds "7"]
[EventCountry "BEL"]
[SourceTitle "CBM 204 Extra"]
[Source "ChessBase"]
[SourceDate "2021.11.30"]
[SourceVersion "1"]
[SourceVersionDate "2021.11.30"]
[SourceQuality "1"]
[WhiteTeam "United States"]
[BlackTeam "Canada"]
[WhiteTeamCountry "USA"]
[BlackTeamCountry "CAN"]

1. b3 c5 2. Bb2 b6 3. Nf3 Bb7 4. e3 Nf6 5. Be2 e6 6. 0-0 Be7 7. d3 0-0 8. Nbd2 d5 9. Ne5 Nc6 10. Bf3 Nxe5 11. Bxe5 Bd6 12. Bb2 Rc8 13. Qe2 Ba8 14. e4 dxe4 15. dxe4 Qc7 16. e5 Bxf3 17. Nxf3 Nd5 18. exd6 Qxd6 19. Rad1 Qc6 20. Ne5 Qe8 21. c4 Nf6 22. Ng4 Nxg4 23. Qxg4 f6 24. Rfe1 Rc6 25. Rd3 Qg6 26. Qxg6 hxg6 27. Rd7 Rf7 28. Red1 Rc7 29. Rd8+ Rf8 30. Kf1 e5 31. Ke2 Rxd8 32. Rxd8+ Kf7 33. Ke3 Ke7 34. Rd1 Ke6 35. f4 exf4+ 36. Kxf4 Kf7 37. h4 Re7 38. Kf3 Rc7 39. g4 Re7 40. h5 g5 41. Bc3 Kg8 42. h6 Kh7 43. hxg7 Kxg7 44. Rd6 Rf7 45. Ke4 Kg6 46. Kd5 Kg7 47. Ke6 Kg6 48. Rd8 Kg7 49. Re8 1-0

[Event "NATO-ch 27th"]
[Site "Shrivenham"]
[Date "2016.08.24"]
[Round "4"]
[White "Balmaceda, Enrico"]
[Black "Pietruszewski, Marcin"]
[Result "1/2-1/2"]
[WhiteElo "2021"]
[BlackElo "2163"]
[PlyCount "94"]
[EventDate "2016.08.22"]
[EventType "swiss"]
[EventRounds "7"]
[EventCountry "ENG"]
[SourceTitle "EXT 2018"]
[Source "ChessBase"]
[SourceDate "2017.10.13"]
[SourceVersion "1"]
[SourceVersionDate "2017.10.13"]
[SourceQuality "1"]

1. Nf3 c5 2. c4 Nf6 3. d4 cxd4 4. Nxd4 b6 5. Nc3 d6 6. e4 Bb7 7. f3 Nbd7 8. Be3 a6 9. Be2 e6 10. 0-0 Be7 11. Qd2 0-0 12. Rac1 Rc8 13. Rfd1 Qc7 14. Qe1 Rfe8 15. b3 Qb8 16. Qf2 Kh8 17. Bd3 Rg8 18. g4 g6 19. g5 Nh5 20. Nde2 f6 21. h4 fxg5 22. hxg5 Rgf8 23. Qg2 Ba8 24. Rf1 Nc5 25. Rcd1 e5 26. Qg4 Bc6 27. Nd5 Bxd5 28. exd5 b5 29. Bb1 bxc4 30. bxc4 Qb2 31. f4 Qa3 32. Bd2 exf4 33. Rf3 Qa4 34. Rc1 Qd7 35. Qh4 Kg8 36. Nxf4 Nxf4 37. Bxf4 Rf7 38. Rh3 Rg7 39. Rf1 h5 40. Bxg6 Qg4+ 41. Qxg4 hxg4 42. Rh6 Rf8 43. Be3 Rxf1+ 44. Kxf1 Nd7 45. Be8 Ne5 46. g6 Bf8 47. Bg5 Rb7 1/2-1/2

[Event "NATO-ch 26th"]
[Site "Amsterdam"]
[Date "2015.07.09"]
[Round "5.12"]
[White "Balmaceda, Enrico"]
[Black "Ludden, Gert Jan"]
[Result "0-1"]
[WhiteElo "2054"]
[BlackElo "2279"]
[PlyCount "58"]
[EventDate "2015.07.06"]
[EventType "swiss"]
[EventRounds "7"]
[EventCountry "NED"]
[SourceTitle "EXT 2016"]
[Source "ChessBase"]
[SourceDate "2015.10.08"]
[SourceVersion "1"]
[SourceVersionDate "2015.10.08"]
[SourceQuality "1"]
[WhiteTeam "United States"]
[BlackTeam "Netherlands"]
[WhiteTeamCountry "USA"]
[BlackTeamCountry "NED"]

1. d4 d5 2. c4 c6 3. Nc3 e6 4. e3 Nf6 5. Nf3 Nbd7 6. Bd3 Bd6 7. 0-0 0-0 8. h3 Re8 9. Qc2 h6 10. Rd1 Qe7 11. cxd5 exd5 12. b3 Ne4 13. Bb2 Nf8 14. Ne5 f6 15. Bxe4 fxe5 16. Bf5 e4 17. Bxc8 Raxc8 18. a4 Qg5 19. Ba3 Bb8 20. Qe2 h5 21. Kf1 Re6 22. Ke1 Qxg2 23. Qxh5 Rf6 24. Qe2 Ng6 25. Qf1 Rxf2 26. Qxg2 Rxg2 27. Ne2 Nh4 28. Kf1 Rc7 29. Nf4 Rf7 0-1

[Event "NATO-ch 26th"]
[Site "Amsterdam"]
[Date "2015.07.08"]
[Round "4.24"]
[White "Balmaceda, Enrico"]
[Black "Meiers, Gundars"]
[Result "1-0"]
[WhiteElo "2054"]
[BlackElo "1745"]
[PlyCount "61"]
[EventDate "2015.07.06"]
[EventType "swiss"]
[EventRounds "7"]
[EventCountry "NED"]
[SourceTitle "EXT 2016"]
[Source "ChessBase"]
[SourceDate "2015.10.08"]
[SourceVersion "1"]
[SourceVersionDate "2015.10.08"]
[SourceQuality "1"]
[WhiteTeam "United States"]
[BlackTeam "Latvia"]
[WhiteTeamCountry "USA"]
[BlackTeamCountry "LAT"]

1. d4 d6 2. c4 Nf6 3. Nc3 g6 4. e4 Bg7 5. Nge2 0-0 6. Ng3 Nbd7 7. Be2 e5 8. d5 a5 9. h4 Nc5 10. h5 Bd7 11. h6 Bh8 12. Bg5 Qc8 13. Qd2 c6 14. f3 cxd5 15. cxd5 Rb8 16. Nd1 b5 17. Ne3 Re8 18. 0-0 a4 19. Rac1 Qb7 20. Kh2 Qb6 21. Nc2 b4 22. Ne3 b3 23. a3 Qc7 24. Ng4 Nxg4+ 25. fxg4 Bb5 26. Bxb5 Rxb5 27. Qe2 Rb7 28. Qf3 Qd7 29. Bf6 Bxf6 30. Qxf6 Kf8 31. Qg7+ 1-0

[Event "NATO-ch 25th"]
[Site "Quebec"]
[Date "2014.09.10"]
[Round "4"]
[White "Balmaceda, Enrico"]
[Black "Langer, Herbert"]
[Result "1/2-1/2"]
[WhiteElo "2054"]
[BlackElo "1820"]
[PlyCount "54"]
[EventDate "2014.09.08"]
[EventType "team-swiss"]
[EventRounds "7"]
[EventCountry "CAN"]
[SourceTitle "EXT 2015"]
[Source "ChessBase"]
[SourceDate "2014.11.20"]
[SourceVersion "1"]
[SourceVersionDate "2014.11.20"]
[SourceQuality "1"]
[WhiteTeam "United States"]
[BlackTeam "Canada II"]
[WhiteTeamCountry "USA"]
[BlackTeamCountry "CAN"]

1. Nf3 d5 2. c4 c6 3. b3 Nf6 4. Bb2 Bf5 5. cxd5 cxd5 6. d3 e6 7. g3 Bb4+ 8. Nbd2 0-0 9. Bg2 Nbd7 10. 0-0 Rc8 11. Rc1 Qe7 12. Nb1 a6 13. a3 Bd6 14. b4 b5 15. Qb3 e5 16. Rxc8 Rxc8 17. Rc1 Rxc1+ 18. Bxc1 h6 19. Nfd2 Be6 20. Qc2 Nb6 21. Qc6 Qc7 22. Qxc7 Bxc7 23. Nc3 Bd6 24. Kf1 Kf8 25. h3 Ke7 26. e3 g5 27. Ke2 Ne8 1/2-1/2

[Event "NATO-ch 23nd"]
[Site "Brest"]
[Date "2012.10.03"]
[Round "4"]
[White "Balmaceda, Enrico"]
[Black "Adolfssen, Rico"]
[Result "1-0"]
[WhiteElo "2080"]
[BlackElo "1876"]
[PlyCount "115"]
[EventDate "2012.10.01"]
[EventType "swiss"]
[EventRounds "7"]
[EventCountry "FRA"]
[SourceTitle "CBM 150 Extra"]
[Source "ChessBase"]
[SourceDate "2012.10.19"]
[SourceVersion "1"]
[SourceVersionDate "2012.10.19"]
[SourceQuality "1"]

1. d4 d5 2. Nf3 Bf5 3. Bf4 e6 4. e3 Nd7 5. Ne5 Nxe5 6. Bxe5 Nf6 7. Be2 Nd7 8. Bg3 c5 9. c3 cxd4 10. exd4 Qb6 11. Qb3 Qxb3 12. axb3 a6 13. Nd2 Rc8 14. b4 g5 15. b5 axb5 16. Bxb5 h5 17. Ra7 f6 18. h3 Rh7 19. Rxb7 Kd8 20. 0-0 Ra8 21. Nb3 h4 22. Bh2 g4 23. hxg4 Bxg4 24. Ra1 Rxa1+ 25. Nxa1 h3 26. f3 Bf5 27. g4 Bb1 28. Rxd7+ Rxd7 29. Bxd7 Kxd7 30. Bf4 Bd3 31. Nb3 Kc6 32. Nd2 Bg7 33. Kh2 e5 34. Be3 f5 35. dxe5 fxg4 36. fxg4 Bxe5+ 37. Kxh3 Bg6 38. Nf3 Bg7 39. Bd4 Bxd4 40. Nxd4+ Kc5 41. b4+ Kc4 42. b5 Kc5 43. Kg3 Bd3 44. Kf4 Kd6 45. g5 Bg6 46. b6 Bh7 47. b7 Kc7 48. Ke5 Kxb7 49. Kxd5 Kb6 50. Nc6 Bg8+ 51. Kd6 Kb5 52. Ne5 Bh7 53. c4+ Kb6 54. c5+ Kb7 55. g6 Bg8 56. c6+ Kc8 57. Nf7 Kb8 58. Kd7 1-0